Is it a Shade of Green? - Statistics

General Stats
  • This quiz has been taken 26 times
    25 since last reset
  • The average score is 6 of 10
Answers on the Grid
Answers color-coded by a green-red scale on the quiz's grid according to % correct below.
Apple
Avocado
Emerald
Neon
Forest
Jade
Teal
Turqouise
Lime
Olive
Chaemeleon
Mould
Fairway
Celery
Cumin Leaf
Kellee's
Copper
Toad
Plumber's
Radium
 
Answer Stats
Answer % Correct
Lime
75%
Olive
70%
Avocado
65%
Emerald
65%
Forest
60%
Jade
55%
Teal
50%
Turqouise
45%
Apple
40%
Neon
40%
No matching quizzes found
Score Distribution
Percent of People with Each Score
Percentile by Number Answered
Your Score History
You have not taken this quiz since the last reset